000 00853nam a22001697a 4500
008 260422b ||||| |||| 00| 0 eng d
082 0 4 _a553.8
100 0 0 _aFakhruddin Ariff Fauzi
245 1 0 _aRANCANGAN MALAYSIA KE DUA BELAS : PROJEK PENILAIAN POTENSI SUMBER UNSUR NADIR BUMI : PENILAIAN POTENSI SUMBER UNSUR NADIR BUMI DI KAWASAN LADANG SUNGAI ULAR, KULIM, KEDAH / Oleh : FAKHRUDDIN AFIF BIN FAUZI, HAMDAN BIN ARIFFIN
250 _aNO. LAPORAN : JMG.KPP (REE) 03/2024
260 _aAlor Setar, Kedah
_bJabatan Mineral dan Geosains Malaysia Kedah / Perlis / Pulau Pinang,
_c2024
300 _a41 pages :
_bsome colour illustrations ;
_c30 cm
650 1 0 _xRare earth elements
_zMalaysia
_zKedah
650 2 0 _xGeological surveys
_zMalaysia
_zKedah
650 2 0 _xMineral resources
_zMalaysia
_zKedah
942 _2ddc
_e23
_h553.8
999 _c27220
_d27220